| 000 | 00580nam a2200205 i 4500 | ||
|---|---|---|---|
| 001 | 123697 | ||
| 003 | ES-MaACL | ||
| 005 | 20250828061922.0 | ||
| 007 | t| | ||
| 008 | 070214s1970 sp r ||||1| spa d | ||
| 100 | 1 |
_aQuintanilla Sainz, Efrén. _994705 |
|
| 245 | 1 | 0 |
_aInfancia y sexo / _cEfrén Quintanilla Sainz. |
| 260 |
_aLeón : _bEverest, _c1970. |
||
| 300 |
_a165 p. : _bil. ; _c19 cm. |
||
| 490 | 1 | _aClub Everest | |
| 650 | 7 |
_aEducación sexual _2embne _912121 |
|
| 830 | 0 |
_aClub Everest _9184413 |
|
| 852 |
_aES-MaACL _jC-48121 _bR.75550 |
||
| 999 |
_c123697 _d123697 |
||